Roi et Prétendant dans Game of Thrones - Statistiques

Statistiques générales
  • Ce quiz a été pris 44 fois
  • Le résultat moyen est 23 sur 34
Statistiques - réponses
Année de règne Nom du Roi/Reine % Correct
298-301 Joffrey I Baratheon
100%
283-298 Robert I Baratheon "L'Usurpateur"
100%
303-305 Cersei I Lannister "Cersei la Lionne"
94%
305-... Bran I Stark "Le Rompu"
91%
131-157 Aegon III Targaryen "Le Fléau des Dragons"
88%
129-131 (vert) Aegon II Targaryen
88%
1-37 Aegon I Targaryen "Le Conquérant"
88%
172-184 Aegon IV Targaryen "L'Indigne"
88%
42-43 Aegon Targaryen "Le Sans-Couronne"
88%
233-259 Aegon V Targaryen "L'Invraisamblable"
88%
298-305 (prétendante) Daenerys I Targaryen "La Mère des Dragons"
88%
301-303 Tommen I Baratheon
85%
262-283 Aerys II Targaryen "Le Roi Fou"
82%
209-221 Aerys I Targaryen
82%
283-298 (prétendant) Viserys III Targaryen
82%
171-172 Viserys II Targaryen
82%
103-129 Viserys I Targaryen
82%
298-305 (prétendant) Stannis I Baratheon
79%
298-299 (prétendant) Renly I Baratheon
74%
129-130 (noir) Rhaenyra I Targaryen
59%
161-171 Baelor I Targaryen "Le Bienheureux"
53%
196-196 (prétendant) Daemon I Feunoyr
50%
212-212 (prétendant) Daemon II Feunoyr
50%
236-236 (prétendant) Daemon III Feunoyr
50%
42-48 Maegor I Targaryen "Le Cruel"
50%
221-233 Maekar I Targaryen
47%
184-209 Daeron II Targaryen "Le Bon"
44%
157-161 Daeron I Targaryen "Le Jeune Dragon"
44%
259-262 Jaehaerys II Targaryen
44%
48-103 Jaehaerys I Targaryen "Le conciliateur" / "Le Vieux Roi"
44%
233-233 (prétendant) Aenys I Feunoyr
41%
37-42 Aenys I Targaryen
41%
219-219 (prétendant) Haegon I Feunoyr
24%
260-260 (prétendant) Maelys I Feunoyr
18%
Aucun quiz correspondant
Distribution des résultats
% des personnes avec chaque résultat
Percentile par nombre de réponses
Votre historique - résultats
Vous n’avez pas pris ce quiz